000 00392nam a2200157Ia 4500
005 20240807062048.0
008 240806s9999||||xx |||||||||||||| ||eng||
041 _aeng
082 _a891.4309
_bFRAH
100 _aFranshcheska Arsini
245 0 _aHindi ka lok vritt franshcheska arsini /
_cFranshcheska Arsini
260 _bVani Prakashan
300 _a576
650 _aHindi
942 _cBK
999 _c7224
_d7224